000 00929nam a2200289 i 4500
003 EG-GICUC
005 20260121101419.0
008 251202s1933 fr ||||frr||| 001 0 fre d
040 _aEG-GiCUC
_bfre
_cEG-GiCUC
_dEG-GiCUC
_erda
041 0 _afre
082 0 4 _221
_a330.21
_bFI . C
092 0 4 _221
099 _aLaw1 10 330.21 FI . C 1933
100 1 _aFizaine, Louis
_eAuteur
245 1 0 _aCrise Et Monnaie /
_cPar Louis Fizaine.
264 1 _aFRANCE :
_bL'UNION INDUSTRIELLE & COMMERCIALE DE L'EST, NANCY,
_c1933.
300 _a163 pages :
_billustrations ;
_c24 cm.
336 _2rda content
_atext
337 _2rda media
_aComputer
338 _2rda carrier
_aOnline Resource
504 _aComprend des références bibliographiques.
546 _aTexte en français
650 1 4 _aDroit Pénal
856 4 0 _uhttps://fll.law.cu.edu.eg/fulltext/bks/B10-00654.pdf
905 _a33
_eHassnaa
942 _2ddc
_cBK
_e21
_n0
999 _c48057
_d48057